| 000 | 00929nam a2200289 i 4500 | ||
|---|---|---|---|
| 001 | 185760 | ||
| 003 | SpMaBN | ||
| 005 | 20250727022526.0 | ||
| 008 | 160805s1995 sp |||| | spa d | ||
| 020 | _a84-306-0060-4 | ||
| 080 | _a572:1 | ||
| 080 | _a159.9 | ||
| 100 | 1 |
_aTodorov, Tzvetan. _9110413 |
|
| 245 | 1 | 3 |
_aLa vida en común _b: ensayo de antropología general / _cTzvetan Todorov ; traducción, Héctor Subirats. |
| 260 |
_aMadrid : _bTaurus, _c[1995] |
||
| 300 |
_a231 p. ; _c22 cm. |
||
| 490 | 1 | _aPensamiento | |
| 500 | _aÍndice onomástico. | ||
| 504 | _aBibliografía: p. 221-227. | ||
| 650 | 7 |
_aAntropología filosófica _2embne _99891 |
|
| 650 | 0 | 7 |
_aConducta. _911256 |
| 700 | 1 |
_aSubirats, Héctor. _9108697 |
|
| 830 | 0 |
_aPensamiento (Taurus Ediciones) _9180294 |
|
| 852 |
_aES-MaACL _jL-30524 _hDonat. Miguel A. Velasco _xEnc. cart. |
||
| 942 | _2udc | ||
| 999 |
_c185760 _d185760 |
||